[Event "Scarborough Open"]
[Site "Scarborough"]
[Date "2023.10.29"]
[Round "4.16"]
[White "Gostelow, Luke"]
[Black "Van Kemenade, Rudy"]
[Result "0-1"]
[WhiteElo "1815"]
[BlackElo "1946"]
[PlyCount "142"]
[EventDate "2023.10.27"]
[EventType "swiss"]
[EventRounds "5"]
[EventCountry "ENG"]
[SourceTitle "BritBase"]
[Source "John Saunders"]
[SourceDate "2023.11.11"]
[SourceVersion "1"]
[SourceVersionDate "2023.11.11"]
[SourceQuality "1"]

1. d4 Nf6 2. c4 e5 3. dxe5 Ng4 4. a3 a5 5. Bf4 Nc6 6. Nf3 Bc5 7. e3 Qe7 8. Qd5
f6 9. exf6 Nxf6 10. Qd3 d6 11. Nc3 O-O 12. Be2 Ne5 13. Nxe5 dxe5 14. Bg5 c6 15.
Qc2 Qf7 16. Bxf6 gxf6 17. Ne4 Be7 18. c5 Rd8 19. Bc4 Be6 20. Bxe6 Qxe6 21. O-O
f5 22. Ng3 Rf8 23. Rad1 Rf7 24. e4 fxe4 25. Nxe4 Rf4 26. Rd2 Qg6 27. f3 Raf8
28. Qb3+ Kh8 29. Qc3 Qxe4 30. Rd7 Bg5 31. Re1 Qg6 32. Qxe5+ Qf6 33. Qc7 Rf7 34.
Red1 Qe6 35. Qc8+ Kg7 36. Rxf7+ Kxf7 37. Qxb7+ Be7 38. Qc7 Rd4 39. Rf1 Qe3+ 40.
Kh1 Qe2 41. Rg1 Rd1 42. Qf4+ Ke8 43. Qb8+ Bd8 44. h3 Rxg1+ 45. Kxg1 Qe3+ 46.
Kf1 Qxc5 47. Qf4 Qb5+ 48. Ke1 Be7 49. Qe4 h5 50. g4 h4 51. f4 Qd5 52. Qg6+ Kd8
53. Qg8+ Kd7 54. f5 Qh1+ 55. Ke2 Qg2+ 56. Kd1 Qxh3 57. Qe6+ Kd8 58. Qg8+ Kc7
59. Qg7 Qd3+ 60. Ke1 Qe3+ 61. Kf1 Qg5 62. Qd4 c5 63. Qe5+ Bd6 64. Qe4 Qf4+ 65.
Qxf4 Bxf4 66. b3 Kd6 67. Kg2 Ke5 68. Kf3 Bg5 69. a4 Kd4 70. f6 Bxf6 71. Kf4 Kc3
0-1

[Event "Scarborough Open"]
[Site "Scarborough"]
[Date "2023.10.29"]
[Round "4.17"]
[White "Van Kemenade, Julie"]
[Black "Harkness, Bryan D"]
[Result "1/2-1/2"]
[WhiteElo "1683"]
[BlackElo "2010"]
[PlyCount "66"]
[EventDate "2023.10.27"]
[EventType "swiss"]
[EventRounds "5"]
[EventCountry "ENG"]
[SourceTitle "BritBase"]
[Source "John Saunders"]
[SourceDate "2023.11.11"]
[SourceVersion "1"]
[SourceVersionDate "2023.11.11"]
[SourceQuality "1"]

1. e4 c5 2. Bc4 Nc6 3. c3 e6 4. Bb3 Nf6 5. d3 d5 6. Qe2 dxe4 7. dxe4 Qc7 8. Nf3
Be7 9. O-O O-O 10. Nbd2 e5 11. Re1 h6 12. h3 Rd8 13. Nf1 Na5 14. Bc2 Be6 15. b3
Bf8 16. g4 g6 17. Ng3 Nh7 18. Kh1 Nc6 19. Rg1 Kh8 20. Nh4 Qe7 21. Ng2 Bg7 22.
Be3 b6 23. Raf1 g5 24. Nf5 Bxf5 25. exf5 Nf6 26. f3 Nd5 27. Bd2 Rd6 28. c4 Nf4
29. Qe4 Bf6 30. Nxf4 exf4 31. Be1 Rad8 32. Rg2 Nd4 33. Qxe7 Bxe7 1/2-1/2

[Event "Scarborough Open"]
[Site "Scarborough"]
[Date "2023.10.29"]
[Round "4.18"]
[White "Bolt, Graham"]
[Black "Day, Jonathan A"]
[Result "1-0"]
[WhiteElo "1950"]
[BlackElo "1704"]
[PlyCount "69"]
[EventDate "2023.10.27"]
[EventType "swiss"]
[EventRounds "5"]
[EventCountry "ENG"]
[SourceTitle "BritBase"]
[Source "John Saunders"]
[SourceDate "2023.11.11"]
[SourceVersion "1"]
[SourceVersionDate "2023.11.11"]
[SourceQuality "1"]

1. Nf3 Nf6 2. g3 d5 3. Bg2 c6 4. O-O Bg4 5. c4 dxc4 6. Qc2 Nbd7 7. Na3 e5 8.
Nxc4 Qc7 9. d3 Be7 10. Bd2 b5 11. Ne3 Bh5 12. Nf5 Bf8 13. b4 Nd5 14. a3 g6 15.
e4 N5b6 16. Ne3 Bxf3 17. Bxf3 Bg7 18. Rac1 Rc8 19. Bg4 O-O 20. Ng2 f5 21. exf5
gxf5 22. Bf3 c5 23. bxc5 Nxc5 24. Bb4 Nbd7 25. Qa2+ Kh8 26. Rc2 Qb8 27. Rfc1
Nxd3 28. Bxf8 Nxc1 29. Bxg7+ Kxg7 30. Qb1 Nd3 31. Rxc8 Qxc8 32. Qxd3 e4 33.
Qd4+ Nf6 34. Bd1 Qc7 35. Nf4 1-0

[Event "Scarborough Open"]
[Site "Scarborough"]
[Date "2023.10.29"]
[Round "4.19"]
[White "Dossett, Christopher S"]
[Black "Norinkeviciute, Rasa"]
[Result "1/2-1/2"]
[WhiteElo "1925"]
[BlackElo "1906"]
[PlyCount "33"]
[EventDate "2023.10.27"]
[EventType "swiss"]
[EventRounds "5"]
[EventCountry "ENG"]
[SourceTitle "BritBase"]
[Source "John Saunders"]
[SourceDate "2023.11.11"]
[SourceVersion "1"]
[SourceVersionDate "2023.11.11"]
[SourceQuality "1"]

1. Nf3 Nf6 2. g3 b6 3. Bg2 Bb7 4. d3 d5 5. Nbd2 Nbd7 6. O-O e6 7. c4 c5 8. cxd5
Nxd5 9. Nc4 Be7 10. e4 Nb4 11. a3 Nc6 12. Bf4 Nf6 13. Nce5 O-O 14. Qb3 Nxe5 15.
Nxe5 Nd7 16. Rad1 Qc8 17. Rfe1 1/2-1/2

[Event "Scarborough Open"]
[Site "Scarborough"]
[Date "2023.10.29"]
[Round "4.20"]
[White "Sheikh, Anum"]
[Black "McLean, Robert"]
[Result "1/2-1/2"]
[WhiteElo "1735"]
[BlackElo "1892"]
[PlyCount "79"]
[EventDate "2023.10.27"]
[EventType "swiss"]
[EventRounds "5"]
[EventCountry "ENG"]
[SourceTitle "BritBase"]
[Source "John Saunders"]
[SourceDate "2023.11.11"]
[SourceVersion "1"]
[SourceVersionDate "2023.11.11"]
[SourceQuality "1"]

1. e4 e6 2. d4 d5 3. Nd2 Nf6 4. e5 Nfd7 5. f4 c5 6. c3 Nc6 7. Ndf3 cxd4 8. cxd4
Bb4+ 9. Kf2 O-O 10. g3 f5 11. Kg2 Nb6 12. Bd3 Bd7 13. Nh3 h6 14. Nf2 Be8 15. h3
Be7 16. a3 a5 17. b3 a4 18. b4 Rc8 19. g4 g6 20. h4 Kh8 21. Rh3 Rg8 22. Kh2 h5
23. gxh5 gxh5 24. Be2 Rc7 25. Ng5 Bxg5 26. hxg5 Rh7 27. Bxh5 Rgg7 28. Bxe8 Qxe8
29. Ra2 Rxh3+ 30. Nxh3 Rh7 31. Rg2 Qh5 32. Qxh5 Rxh5 33. Rd2 Nc4 34. Rd3 Kg7
35. Kg2 b5 36. Ng1 Ne7 37. Ne2 Rh8 38. Nc3 Rb8 39. Ne2 Rc8 40. Kf2 1/2-1/2

[Event "Scarborough Open"]
[Site "Scarborough"]
[Date "2023.10.29"]
[Round "4.21"]
[White "Pal, Rohan"]
[Black "De Sousa Muachikape, Jael J"]
[Result "1-0"]
[WhiteElo "1920"]
[BlackElo "1782"]
[PlyCount "91"]
[EventDate "2023.10.27"]
[EventType "swiss"]
[EventRounds "5"]
[EventCountry "ENG"]
[SourceTitle "BritBase"]
[Source "John Saunders"]
[SourceDate "2023.11.11"]
[SourceVersion "1"]
[SourceVersionDate "2023.11.11"]
[SourceQuality "1"]

1. c4 e6 2. Nf3 d5 3. g3 Nf6 4. Bg2 dxc4 5. Qa4+ Nbd7 6. Qxc4 c5 7. O-O a6 8.
Qc2 b5 9. a4 Bb7 10. axb5 axb5 11. Rxa8 Qxa8 12. b3 Be7 13. Bb2 O-O 14. Nc3 Bc6
15. Ra1 Qb7 16. d3 Rd8 17. Bc1 Nb8 18. Qa2 e5 19. Qa7 Qxa7 20. Rxa7 Rd7 21.
Rxd7 Nbxd7 22. Nd2 Bxg2 23. Kxg2 b4 24. Na4 Nd5 25. Nc4 f6 26. Be3 Nxe3+ 27.
fxe3 Kf7 28. Nab6 Nb8 29. Nc8 Bf8 30. Kf3 Ke6 31. Ke4 f5+ 32. Kf3 g5 33. g4 f4
34. N8b6 Nc6 35. Nd2 fxe3 36. Kxe3 Nd4 37. Nbc4 h5 38. h3 hxg4 39. hxg4 Bg7 40.
Kf2 e4 41. dxe4 Nc2 42. Nf3 Na1 43. Ncd2 Nxb3 44. Nxb3 c4 45. Na5 c3 46. Nb3
1-0

[Event "Scarborough Open"]
[Site "Scarborough"]
[Date "2023.10.29"]
[Round "4.22"]
[White "Wise, David"]
[Black "Rich, Aaron"]
[Result "1/2-1/2"]
[WhiteElo "2104"]
[BlackElo "1583"]
[PlyCount "49"]
[EventDate "2023.10.27"]
[EventType "swiss"]
[EventRounds "5"]
[EventCountry "ENG"]
[SourceTitle "BritBase"]
[Source "John Saunders"]
[SourceDate "2023.11.11"]
[SourceVersion "1"]
[SourceVersionDate "2023.11.11"]
[SourceQuality "1"]

1. e4 c5 2. c3 d5 3. exd5 Qxd5 4. d4 cxd4 5. cxd4 e5 6. dxe5 Qxd1+ 7. Kxd1 Nc6
8. Nf3 Bg4 9. Bf4 Bb4 10. Be2 Nge7 11. Nc3 O-O 12. a3 Bxc3 13. bxc3 Nd5 14. Bd2
Rfd8 15. Kc2 Nxe5 16. Nxe5 Bxe2 17. Rhe1 Bb5 18. a4 Ba6 19. Kb3 f6 20. Nf3 Rac8
21. Rac1 Bc4+ 22. Ka3 Ba6 23. Kb3 Bc4+ 24. Ka3 Ba6 25. Kb3 1/2-1/2

[Event "Scarborough Open"]
[Site "Scarborough"]
[Date "2023.10.29"]
[Round "4.23"]
[White "Brencher, Paul"]
[Black "Mkpadi, C Michael"]
[Result "1/2-1/2"]
[WhiteElo "1870"]
[BlackElo "1456"]
[PlyCount "124"]
[EventDate "2023.10.27"]
[EventType "swiss"]
[EventRounds "5"]
[EventCountry "ENG"]
[SourceTitle "BritBase"]
[Source "John Saunders"]
[SourceDate "2023.11.11"]
[SourceVersion "1"]
[SourceVersionDate "2023.11.11"]
[SourceQuality "1"]

1. d4 Nf6 2. Nc3 d5 3. Bf4 c5 4. e4 cxd4 5. Bb5+ Bd7 6. Qxd4 Nc6 7. Bxc6 Bxc6
8. e5 Ng8 9. e6 fxe6 10. Nf3 Qb6 11. Qxb6 axb6 12. O-O h6 13. Rfe1 g5 14. Be5
Rh7 15. Nd4 Kf7 16. a4 Nf6 17. Bc7 Bg7 18. Nxe6 Ne4 19. Nxg7 Rxg7 20. Nb5 Bxb5
21. axb5 Rc8 22. Be5 Rg6 23. c3 Rc5 24. f3 Nd6 25. Ra7 Nxb5 26. Rxb7 Re6 27.
Kf2 Rcc6 28. Rd7 Nd6 29. Bxd6 Rcxd6 30. Rxe6 Kxe6 31. Rb7 Kf6 32. Ke3 e5 33.
Rb8 Kf7 34. g3 d4+ 35. cxd4 exd4+ 36. Kd3 Rf6 37. Kxd4 Rxf3 38. Rxb6 h5 39. Ke4
Rf2 40. h3 Rh2 41. g4 Rxh3 42. gxh5 Rxh5 43. Kf5 Ke7 44. Kg4 Rh2 45. Kxg5 Kd7
46. Kf4 Kc7 47. Rb3 Rd2 48. Ke3 Rd6 49. Rd3 Rb6 50. b3 Kc6 51. Kd4 Kb5 52. Kc3
Rc6+ 53. Kb2 Rh6 54. Rg3 Kb4 55. Rg4+ Kb5 56. Rg5+ Kb4 57. Rg4+ Kb5 58. Ka3
Ra6+ 59. Kb2 Rh6 60. Rg2 Kb4 61. Rg4+ Kb5 62. Rg5+ Kb4 1/2-1/2

[Event "Scarborough Open"]
[Site "Scarborough"]
[Date "2023.10.29"]
[Round "4.24"]
[White "Ilett, Raymond J"]
[Black "Keely, Leo A"]
[Result "0-1"]
[WhiteElo "1773"]
[BlackElo "1927"]
[PlyCount "106"]
[EventDate "2023.10.27"]
[EventType "swiss"]
[EventRounds "5"]
[EventCountry "ENG"]
[SourceTitle "BritBase"]
[Source "John Saunders"]
[SourceDate "2023.11.11"]
[SourceVersion "1"]
[SourceVersionDate "2023.11.11"]
[SourceQuality "1"]

1. d4 Nf6 2. c4 g6 3. Nc3 Bg7 4. e4 d6 5. Nf3 O-O 6. Be2 Nbd7 7. O-O e5 8. dxe5
dxe5 9. Be3 h6 10. h3 c6 11. Qd2 Kh7 12. Rfd1 Qe7 13. a3 a5 14. Qc2 Re8 15. Na4
Nh5 16. Nh2 Nf4 17. Bg4 Ne6 18. Nf3 Kg8 19. Rd2 h5 20. Bxe6 Qxe6 21. Rad1 Bf8
22. Ng5 Qe7 23. h4 f6 24. Nf3 Qe6 25. b3 Qf7 26. c5 Ra6 27. Rd3 Nb8 28. Nb6 Be7
29. a4 Bg4 30. Nc4 Ra8 31. Nd6 Bxd6 32. Rxd6 Na6 33. Bd2 Be6 34. Rd3 Qe7 35.
Rc1 Rad8 36. Rxd8 Qxd8 37. Rd1 Qc7 38. Be1 Rd8 39. Rxd8+ Qxd8 40. g3 Qc7 41.
Qd3 Nxc5 42. Qe3 Nxb3 43. Qa7 Kg7 44. Nd2 Nd4 45. Kg2 Nc2 46. Kf1 Bh3+ 47. Ke2
Nd4+ 48. Kd1 c5 49. Nc4 Qd7 50. Nb6 Qc6 51. Bxa5 Qxe4 52. Bd2 Bg4+ 53. Kc1 Qc2#
0-1

[Event "Scarborough Open"]
[Site "Scarborough"]
[Date "2023.10.29"]
[Round "4.25"]
[White "Sheppard, Derek Alan"]
[Black "Dobson, Graham W"]
[Result "1/2-1/2"]
[WhiteElo "1669"]
[BlackElo "1908"]
[PlyCount "57"]
[EventDate "2023.10.27"]
[EventType "swiss"]
[EventRounds "5"]
[EventCountry "ENG"]
[SourceTitle "BritBase"]
[Source "John Saunders"]
[SourceDate "2023.11.11"]
[SourceVersion "1"]
[SourceVersionDate "2023.11.11"]
[SourceQuality "1"]

1. d4 Nf6 2. Nf3 g6 3. Bf4 d5 4. e3 Bg7 5. Be2 O-O 6. O-O c6 7. c4 Bg4 8. Nbd2
Nh5 9. Bg5 h6 10. Bh4 Nf6 11. h3 Bf5 12. Bg3 Ne4 13. Nxe4 Bxe4 14. Bd3 Bxd3 15.
Qxd3 Nd7 16. Rac1 Rc8 17. Rc2 Nf6 18. Rfc1 e6 19. Be5 Ne4 20. Bxg7 Kxg7 21.
cxd5 exd5 22. Qa3 a6 23. Qb4 Rc7 24. Qb6 f6 25. b4 Re7 26. Qxd8 Rxd8 27. Ne1
Nd6 28. Nd3 Nc4 29. Nc5 1/2-1/2

[Event "Scarborough Open"]
[Site "Scarborough"]
[Date "2023.10.29"]
[Round "4.26"]
[White "Ridge, Michael"]
[Black "Isaacs, Ruairi"]
[Result "1-0"]
[WhiteElo "1783"]
[BlackElo "1457"]
[PlyCount "61"]
[EventDate "2023.10.27"]
[EventType "swiss"]
[EventRounds "5"]
[EventCountry "ENG"]
[SourceTitle "BritBase"]
[Source "John Saunders"]
[SourceDate "2023.11.11"]
[SourceVersion "1"]
[SourceVersionDate "2023.11.11"]
[SourceQuality "1"]

1. e4 c5 2. d4 cxd4 3. c3 dxc3 4. Nxc3 e6 5. Nf3 Bb4 6. Qd4 Bxc3+ 7. bxc3 f6 8.
Bc4 Nc6 9. Qd3 Nge7 10. a4 O-O 11. O-O Ng6 12. Ba2 Qa5 13. Be3 Rd8 14. Rfd1 b6
15. Qb5 Ba6 16. Qxa5 Nxa5 17. Rd4 Rac8 18. Rad1 Bc4 19. Bxc4 Rxc4 20. Rxd7 Rxd7
21. Rxd7 Rxa4 22. g3 Nc4 23. Nd4 Nf8 24. Rc7 Nxe3 25. fxe3 g6 26. Rc8 Kg7 27.
Rc7+ Kh6 28. Rf7 e5 29. Rxf8 exd4 30. cxd4 Kg7 31. Rb8 1-0

[Event "Scarborough Open"]
[Site "Scarborough"]
[Date "2023.10.29"]
[Round "5.1"]
[White "Gormally, Daniel"]
[Black "Badacsonyi, Stanley"]
[Result "1-0"]
[WhiteElo "2443"]
[BlackElo "2008"]
[PlyCount "63"]
[EventDate "2023.10.27"]
[EventType "swiss"]
[EventRounds "5"]
[EventCountry "ENG"]
[SourceTitle "BritBase"]
[Source "John Saunders"]
[SourceDate "2023.11.11"]
[SourceVersion "1"]
[SourceVersionDate "2023.11.11"]
[SourceQuality "1"]

1. d4 Nf6 2. Nf3 g6 3. Bg5 Bg7 4. Nbd2 d5 5. e3 O-O 6. Be2 Nbd7 7. O-O b6 8. c4
c6 9. cxd5 cxd5 10. Rc1 Bb7 11. Qa4 a6 12. Rc3 Re8 13. Rfc1 b5 14. Qd1 Ne4 15.
Rc7 Nxg5 16. Rxb7 Ne6 17. a4 Rb8 18. Ra7 Rb6 19. axb5 axb5 20. Qf1 b4 21. Bb5
Rd6 22. Rc6 Nef8 23. Rxd6 exd6 24. Bc6 Re7 25. Qb5 Nf6 26. Rxe7 Qxe7 27. Qxb4
Qc7 28. Qb5 Qa7 29. Bxd5 Qa1+ 30. Nf1 Nxd5 31. Qxd5 Qxb2 32. Ng5 1-0

[Event "Scarborough Open"]
[Site "Scarborough"]
[Date "2023.10.29"]
[Round "5.2"]
[White "Badacsonyi, Frankie"]
[Black "Jackson, Edward"]
[Result "1/2-1/2"]
[WhiteElo "2061"]
[BlackElo "2166"]
[PlyCount "21"]
[EventDate "2023.10.27"]
[EventType "swiss"]
[EventRounds "5"]
[EventCountry "ENG"]
[SourceTitle "BritBase"]
[Source "John Saunders"]
[SourceDate "2023.11.11"]
[SourceVersion "1"]
[SourceVersionDate "2023.11.11"]
[SourceQuality "1"]

1. e4 c6 2. Nf3 d5 3. Nc3 dxe4 4. Nxe4 Nf6 5. Qe2 Nxe4 6. Qxe4 Qd5 7. Qh4 Qe6+
8. Be2 Qg4 9. Qg3 Qxg3 10. hxg3 g6 11. Ng5 1/2-1/2

[Event "Scarborough Open"]
[Site "Scarborough"]
[Date "2023.10.29"]
[Round "5.3"]
[White "Wall, Timothy P"]
[Black "Raju, Sooraj Menothuparam"]
[Result "0-1"]
[WhiteElo "2216"]
[BlackElo "1925"]
[PlyCount "48"]
[EventDate "2023.10.27"]
[EventType "swiss"]
[EventRounds "5"]
[EventCountry "ENG"]
[SourceTitle "BritBase"]
[Source "John Saunders"]
[SourceDate "2023.11.11"]
[SourceVersion "1"]
[SourceVersionDate "2023.11.11"]
[SourceQuality "1"]

1. d4 f5 2. g3 Nf6 3. Bg2 g6 4. Nf3 Bg7 5. O-O O-O 6. b3 d6 7. Bb2 Ne4 8. Nbd2
Nc6 9. e3 e5 10. dxe5 Nxd2 11. Qxd2 dxe5 12. Qxd8 Rxd8 13. Rad1 e4 14. Nd4 Nb4
15. c3 Nd3 16. Ba1 c5 17. Ne2 Be6 18. f3 exf3 19. Bxf3 Rd7 20. Nf4 Nxf4 21.
exf4 Rad8 22. Rxd7 Rxd7 23. Rd1 Rxd1+ 24. Bxd1 b5 0-1

[Event "Scarborough Open"]
[Site "Scarborough"]
[Date "2023.10.29"]
[Round "5.4"]
[White "Birtwistle, Nigel"]
[Black "Large, Peter G"]
[Result "0-1"]
[WhiteElo "2129"]
[BlackElo "2248"]
[PlyCount "96"]
[EventDate "2023.10.27"]
[EventType "swiss"]
[EventRounds "5"]
[EventCountry "ENG"]
[SourceTitle "BritBase"]
[Source "John Saunders"]
[SourceDate "2023.11.11"]
[SourceVersion "1"]
[SourceVersionDate "2023.11.11"]
[SourceQuality "1"]

1. Nf3 Nf6 2. g3 b6 3. Bg2 Bb7 4. O-O c5 5. c4 e6 6. Nc3 a6 7. b3 Be7 8. Bb2
O-O 9. d4 cxd4 10. Qxd4 d6 11. Rfd1 Nbd7 12. Rac1 Qc7 13. h3 Rac8 14. e4 Qb8
15. Qe3 Rfe8 16. Re1 Bf8 17. Qf4 Nc5 18. Rcd1 Qa8 19. Nh4 Ncd7 20. Qe3 Bc6 21.
Ba3 Qb8 22. Nf3 Ba8 23. Rd2 Nc5 24. e5 dxe5 25. Qxe5 Qxe5 26. Nxe5 Nxb3 27. Rb2
Bxa3 28. Rxb3 Bxg2 29. Kxg2 Bd6 30. Na4 Bxe5 31. Rxe5 Rxc4 32. Nxb6 Rc6 33. Re2
Rd8 34. Reb2 g5 35. Rb4 Nd5 36. Nxd5 Rxd5 37. Ra4 Kg7 38. h4 h6 39. hxg5 hxg5
40. Re2 Kf6 41. Kh3 Rdc5 42. Kg2 Rc4 43. Ra5 Kg6 44. Rd2 Rb4 45. Re2 Rbc4 46.
Rd2 R4c5 47. Ra4 a5 48. Re2 Rd6 0-1

[Event "Scarborough Open"]
[Site "Scarborough"]
[Date "2023.10.29"]
[Round "5.5"]
[White "Potter, John M"]
[Black "Larchikov, Maksym"]
[Result "1/2-1/2"]
[WhiteElo "1984"]
[BlackElo "1845"]
[PlyCount "46"]
[EventDate "2023.10.27"]
[EventType "swiss"]
[EventRounds "5"]
[EventCountry "ENG"]
[SourceTitle "BritBase"]
[Source "John Saunders"]
[SourceDate "2023.11.11"]
[SourceVersion "1"]
[SourceVersionDate "2023.11.11"]
[SourceQuality "1"]

1. e4 c6 2. Nc3 d5 3. Nf3 Bg4 4. h3 Bxf3 5. Qxf3 e6 6. d3 Nd7 7. Bd2 Ngf6 8. g3
Be7 9. Bg2 O-O 10. O-O Ne8 11. Qe2 d4 12. Nb1 e5 13. f4 f6 14. h4 exf4 15. Bxf4
Ne5 16. Bh3 Nc7 17. Nd2 Bd6 18. Nf3 Nxf3+ 19. Rxf3 Qe7 20. Raf1 Rae8 21. Qd2
Ne6 22. Bxd6 Qxd6 23. Kh2 Nd8 1/2-1/2

[Event "Scarborough Open"]
[Site "Scarborough"]
[Date "2023.10.29"]
[Round "5.6"]
[White "Milson, Samuel A"]
[Black "Bolt, Graham"]
[Result "1-0"]
[WhiteElo "2074"]
[BlackElo "1950"]
[PlyCount "57"]
[EventDate "2023.10.27"]
[EventType "swiss"]
[EventRounds "5"]
[EventCountry "ENG"]
[SourceTitle "BritBase"]
[Source "John Saunders"]
[SourceDate "2023.11.11"]
[SourceVersion "1"]
[SourceVersionDate "2023.11.11"]
[SourceQuality "1"]

1. e4 g6 2. d4 Bg7 3. Nc3 d6 4. h4 h6 5. Be3 Nf6 6. f3 c6 7. Qd2 b5 8. g4 Bb7
9. Nh3 b4 10. Ne2 a5 11. Ng3 h5 12. g5 Nfd7 13. f4 c5 14. c3 bxc3 15. bxc3 cxd4
16. cxd4 a4 17. Rb1 Ba6 18. f5 Bxf1 19. Rxf1 Nc6 20. Nf4 Nf8 21. Nd5 f6 22.
fxg6 Nxg6 23. Nf5 Kf7 24. Nxg7 Kxg7 25. gxf6+ exf6 26. Rb7+ Nce7 27. Qg2 Re8
28. Rxf6 Kh8 29. Qg5 1-0

[Event "Scarborough Open"]
[Site "Scarborough"]
[Date "2023.10.29"]
[Round "5.7"]
[White "Hutchinson, Paul A"]
[Black "White, Stuart A"]
[Result "1-0"]
[WhiteElo "2011"]
[BlackElo "2024"]
[PlyCount "101"]
[EventDate "2023.10.27"]
[EventType "swiss"]
[EventRounds "5"]
[EventCountry "ENG"]
[SourceTitle "BritBase"]
[Source "John Saunders"]
[SourceDate "2023.11.11"]
[SourceVersion "1"]
[SourceVersionDate "2023.11.11"]
[SourceQuality "1"]

1. d4 d5 2. Bf4 c5 3. e3 Nc6 4. Nf3 Nf6 5. Nbd2 Qb6 6. dxc5 Qxb2 7. Rb1 Qc3 8.
Bb5 g6 9. O-O Bg7 10. Nb3 O-O 11. Bxc6 bxc6 12. Be5 Qc4 13. Qd4 Qxc2 14. Na5
Bd7 15. Rb7 Rfd8 16. Qb4 Qe4 17. Rc1 Qxb4 18. Rxb4 Ne4 19. Rb7 f6 20. Bc7 Re8
21. Nd4 Bc8 22. Rb4 e5 23. Ndxc6 Bf8 24. Nb3 Ba6 25. Ba5 Rec8 26. Rxe4 dxe4 27.
Nb4 Bd3 28. Nd5 Rc6 29. Nb4 Rcc8 30. Nd5 Kf7 31. c6 Rab8 32. c7 Rb5 33. Nc3
Rxa5 34. Nxa5 Rxc7 35. Nb3 Ke6 36. Na4 Rxc1+ 37. Nxc1 Kd5 38. Nb2 Ba3 39. Nbxd3
exd3 40. Nxd3 Kc4 41. Ne1 Kc3 42. Kf1 Kb2 43. Ke2 Kxa2 44. Kd3 Bb4 45. Nc2 Kb3
46. e4 a5 47. f4 exf4 48. Nd4+ Kb2 49. Kc4 Bc3 50. Ne6 g5 51. Nc5 1-0

[Event "Scarborough Open"]
[Site "Scarborough"]
[Date "2023.10.29"]
[Round "5.8"]
[White "Varley, Joe"]
[Black "Fellowes, Billy"]
[Result "0-1"]
[WhiteElo "1967"]
[BlackElo "1759"]
[PlyCount "56"]
[EventDate "2023.10.27"]
[EventType "swiss"]
[EventRounds "5"]
[EventCountry "ENG"]
[SourceTitle "BritBase"]
[Source "John Saunders"]
[SourceDate "2023.11.11"]
[SourceVersion "1"]
[SourceVersionDate "2023.11.11"]
[SourceQuality "1"]

1. e4 Nc6 2. Nf3 d6 3. d4 Nf6 4. Nbd2 g6 5. c3 Bg7 6. Bd3 O-O 7. O-O e5 8. Re1
Ne8 9. dxe5 dxe5 10. Nc4 Be6 11. Qe2 h6 12. b3 Bxc4 13. Bxc4 Nd6 14. Ba3 Qf6
15. Qc2 Rfd8 16. Bf1 g5 17. Nd2 Ne7 18. Rad1 Ng6 19. c4 Nc8 20. g3 Nce7 21. Bg2
Nc6 22. Bb2 Nb4 23. Qc3 Bf8 24. a3 Nd3 25. Rf1 Bc5 26. Nf3 Nxf2 27. Rxd8+ Rxd8
28. Rxf2 Bxf2+ 0-1

[Event "Scarborough Open"]
[Site "Scarborough"]
[Date "2023.10.29"]
[Round "5.9"]
[White "Van Kemenade, Rudy"]
[Black "Bharat Kumar, Balahari"]
[Result "1/2-1/2"]
[WhiteElo "1946"]
[BlackElo "1936"]
[PlyCount "59"]
[EventDate "2023.10.27"]
[EventType "swiss"]
[EventRounds "5"]
[EventCountry "ENG"]
[SourceTitle "BritBase"]
[Source "John Saunders"]
[SourceDate "2023.11.11"]
[SourceVersion "1"]
[SourceVersionDate "2023.11.11"]
[SourceQuality "1"]

1. e4 c5 2. Nf3 d6 3. Bb5+ Bd7 4. Bxd7+ Qxd7 5. O-O Nf6 6. Qe2 e6 7. c3 Be7 8.
d4 cxd4 9. cxd4 O-O 10. Nc3 Qc7 11. h3 Rd8 12. Bf4 Qb6 13. Be3 d5 14. e5 Nfd7
15. Rac1 Nc6 16. Na4 Qa5 17. b3 Rac8 18. Bd2 Qc7 19. b4 Nb6 20. Nb2 a6 21. a4
Qd7 22. b5 axb5 23. axb5 Na7 24. Ba5 Rxc1 25. Rxc1 Rc8 26. Rb1 Nc4 27. Nxc4
Rxc4 28. Qb2 Bd8 29. Bxd8 Qxd8 30. Nd2 1/2-1/2

[Event "Scarborough Open"]
[Site "Scarborough"]
[Date "2023.10.29"]
[Round "5.10"]
[White "Patel, Keatan"]
[Black "Alldritt, Nigel RE"]
[Result "0-1"]
[WhiteElo "1700"]
[BlackElo "1999"]
[PlyCount "112"]
[EventDate "2023.10.27"]
[EventType "swiss"]
[EventRounds "5"]
[EventCountry "ENG"]
[SourceTitle "BritBase"]
[Source "John Saunders"]
[SourceDate "2023.11.11"]
[SourceVersion "1"]
[SourceVersionDate "2023.11.11"]
[SourceQuality "1"]

1. Nf3 Nf6 2. d4 g6 3. c4 Bg7 4. Nc3 d5 5. Qb3 dxc4 6. Qxc4 O-O 7. e4 Nfd7 8.
Be3 Nb6 9. Qb3 Bg4 10. Rd1 Nc6 11. d5 Ne5 12. Be2 Nxf3+ 13. gxf3 Bh5 14. f4
Bxe2 15. Nxe2 Qd7 16. Nd4 Qh3 17. Qc2 Qg2 18. Kd2 Rac8 19. Rdg1 Qh3 20. f5 c5
21. Ne2 Qf3 22. Ng3 Bxb2 23. fxg6 fxg6 24. h4 Bd4 25. Nf5 Bxe3+ 26. fxe3 Nxd5
27. Qc4 Kh8 28. h5 Rxf5 29. exf5 Qxe3+ 30. Kc2 Qxg1 31. Qxd5 Qf2+ 32. Kc3 Qxf5
33. Qxb7 Qe5+ 34. Kc2 Rb8 35. Qf3 Qf5+ 36. Qxf5 gxf5 37. Re1 Re8 38. Re5 e6 39.
Rxc5 Re7 40. Kd3 Kg7 41. Rc2 Kh6 42. Rh2 e5 43. Ke3 Kg5 44. Kf3 e4+ 45. Ke3 f4+
46. Kd4 e3 47. Rh1 e2 48. Re1 f3 49. Kd3 Kf4 50. Kd2 Rd7+ 51. Kc2 Ke3 52. Rb1
Rc7+ 53. Kb2 Rb7+ 54. Ka3 Rxb1 55. h6 e1=Q 56. Ka4 Qb4# 0-1

[Event "Scarborough Open"]
[Site "Scarborough"]
[Date "2023.10.29"]
[Round "5.12"]
[White "Mitchell, Martin"]
[Black "Dossett, Christopher S"]
[Result "1-0"]
[WhiteElo "2186"]
[BlackElo "1925"]
[PlyCount "83"]
[EventDate "2023.10.27"]
[EventType "swiss"]
[EventRounds "5"]
[EventCountry "ENG"]
[SourceTitle "BritBase"]
[Source "John Saunders"]
[SourceDate "2023.11.11"]
[SourceVersion "1"]
[SourceVersionDate "2023.11.11"]
[SourceQuality "1"]

1. d4 Nf6 2. Nf3 c5 3. d5 e6 4. c4 exd5 5. cxd5 d6 6. Nc3 Be7 7. e4 Nbd7 8. Be2
O-O 9. O-O Re8 10. a4 Bf8 11. Nd2 Ne5 12. f4 Neg4 13. Nc4 Nxh2 14. Kxh2 Nxe4
15. Nxe4 Qh4+ 16. Kg1 Rxe4 17. Be3 Bg4 18. Bxg4 Rxc4 19. Bf3 Re8 20. Qd2 g6 21.
Rfe1 Bh6 22. Qf2 Qxf2+ 23. Kxf2 Bxf4 24. Bxf4 Rxe1 25. Rxe1 Rxf4 26. Re8+ Kg7
27. Rd8 Rxa4 28. Rxd6 Rb4 29. Rd7 Rxb2+ 30. Ke3 Kf6 31. Rc7 b6 32. d6 Rb3+ 33.
Ke4 Ke6 34. d7 g5 35. d8=N+ Kd6 36. Rxa7 b5 37. Nxf7+ Kc6 38. Nxg5 c4 39. Rxh7
Kc5 40. Ne6+ Kb4 41. Nd4 Rb1 42. Rb7 1-0